ANALYSIS OF PLANT MACROREMAINS from AL KOM AL AHMER IN UPPER EGYPT /
محفوظ في:
المؤلف الرئيسي:
التنسيق: كتاب
اللغة: Undetermined
منشور في:
2008
الوسوم: إضافة وسم
لا توجد وسوم, كن أول من يضع وسما على هذه التسجيلة!
رقم الطلب: THESIS 42
| LEADER | 00466nam a2200121Ia 4500 | ||
|---|---|---|---|
| 008 | 231023s9999||||xx |||||||||||||| ||und|| | ||
| 050 | 4 | |a THESIS 42 | |
| 100 | 0 | |a Mohamed Ahmed Fadl | |
| 245 | 1 | 0 | |a ANALYSIS OF PLANT MACROREMAINS from AL KOM AL AHMER IN UPPER EGYPT / |c Mohamed Ahmed Fadl. |
| 264 | 1 | |c 2008 | |
| 942 | |2 lcc |c THESES | ||
| 952 | |0 0 |1 0 |2 lcc |4 0 |6 THE S I S42 |7 0 |9 51076 |a ARCE |b ARCE |d 2023-10-23 |l 0 |o THESIS 42 |p 1036093 |r 2023-10-23 00:00:00 |w 2023-10-23 |y THESES | ||
| 999 | |c 54854 |d 54854 | ||
